000 01685nam0a2200313 4500
001 RU\NLR\bibl\912720
005 20250614183840.0
021 _aRU
_b2005-83333
_94114
035 _a(NLR Aleph) 000901052
090 _a1775319
_c1775319
100 _a20060303d2005 |||y0rusy50 ca
101 0 _arus
_ager
102 _aRU
105 _aa |||||||||
200 1 _aФормирование читательской компетенции будущих учителей иностранного языка на практических занятиях по немецкому языку
_e[учебное пособие для преподавателей и студентов педагогических университетов]
_fН.А. Шайденко, Т.А. Разуваева
_gФедер. агентство по образованию РФ, Тул. гос. пед. ун-т им. Л.Н. Толстого, Пенз. гос. пед. ун-т им. В.Г. Белинского
210 _aТула
_cИзд-во ТПГУ
_aПенза
_c[б.и.]
_d2005
215 _a123 с.
_cил.
_d21
320 _aБиблиогр.: с. 120-123 (47 назв.)
606 1 _aУчителя немецкого языка
_jУчебные издания
_xПодготовка
_91859771
_3RU\NLR\auth\661134477
686 _aЧ489.518.26-нем.яз.
700 1 _aШайденко
_bН. А.
_gНадежда Анатольевна
_4070
701 1 _aРазуваева
_bТ. А.
_4070
801 0 _aRU
_bNLR
_c20060303
_grcr
801 1 _aRU
_bNLR
_c20060303
830 _a1-й авт. по кат., др. нет
942 _cBOOK
980 _aNB